Seré amado cuando falte (Registro nro. 166447)

Detalles MARC
000 -ENCABEZADO
Número de control [NR] 00866nam a22002417a 4500
008 - DE LONGITUD FIJA DE DATOS DE ELEMENTOS - INFORMACIÓN GENERAL
Elementos de longitud fija [NR] 130821s1999 sp gr spa
020 ## - NUMERO INTERNACIONAL NORMALIZADO PARA LIBROS [R]
Número Internacional Normalizado del libro [NR] 8420441880
040 ## - FUENTE DE CATALOGACION [NR]
Agencia de catalogación original [NR] Co-BoUCM
Idioma de catalogación [NR] spa
Quien Cataloga
Quien Clasifica
041 00 - CODIGO DE IDIOMA [R]
Código de idioma para texto/pista de sonido o título separado [R] Español
100 1# - ASIENTO PRINCIPAL--NOMBRE PERSONAL [NR]
Nombre personal [NR] Marías, Javier
Fechas asociadas con el nombre [NR] 1951-
ID Autoridad 36563
245 10 - MENCION DE TITULO [NR]
Título [NR] Seré amado cuando falte
Mención de responsabilidad, etc. [NR] Javier Marías
260 ## - PUBLICACION, DISTRIBUCION, ETC. (PIE DE IMPRENTA) [R]
Lugar de publicación, distribución, etc. [R] Madrid (España)
Nombre del editor, distribuidor, etc. [R] Alfaguara
Fecha de publicación, distribución, etc. [R] 1999
300 ## - DESCRIPCION FISICA [R]
Extensión [R] 345 páginas
490 0# - MENCION DE SERIE [R]
Mención de serie [R] Textos de escritor
500 ## - NOTA GENERAL [R]
Nota general [NR] Incluye índice
600 14 - ASIENTO SECUNDARIO DE MATERIA - NOMBRE PERSONAL [R]
Nombre personal [NR] Marías, Javier
Fechas asociadas con el nombre [NR] 1951-
Subdivisión de forma [R] Colecciones de escritos
9 (RLIN) 36970
630 34 - ASIENTO SECUNDARIO DE MATERIA - TITULO UNIFORME [R]
Título uniforme [NR] El Semanal
Subdivisión de forma [R] Secciones, columnas, etc.
9 (RLIN) 36971
650 #7 - ASIENTO SECUNDARIO DE MATERIA - TERMINO TEMATICO [R]
Término temático o nombre geográfico como elemento de entrada [NR] Ensayos españoles
9 (RLIN) 36561
Subdivisión de forma [R] Colecciones de escritos
650 #7 - ASIENTO SECUNDARIO DE MATERIA - TERMINO TEMATICO [R]
Término temático o nombre geográfico como elemento de entrada [NR] Literatura española
Subdivisión de forma [R] Colecciones de escritos
9 (RLIN) 36972
690 ## - ASUNTO AGREGADO LOCAL DE ENTRADA - TÉRMINO TEMÁTICO (OCLC, RLIN)
Acceso temático local Literatura europea
942 ## - ELEMENTOS DE ENTRADA AGREGADOS (KOHA)
Tipo de ítem principal el descrito en 300a Libro
Tema principal Literatura
Edición 1
Parte restante de la signatura top. M311
Sistema de clasificación DEWEY
Clasificación 864.64
Existencias
Fecha de último préstamo Total préstamos Total Renewals Signatura topográfica Código de barras Última vez visto Ejemplar Costo de reposición Price effective from Tipo de ítem Perdido Sistema de clasificación Dañado No prestable Tipo de ítem específico Suprimido Ubicación habitual Ubicación actual Localización Fecha de creación Proveedor Forma de adquisición Costo
29/01/2026 5 5 864.64 M311 100133819 25/02/2026 Ej.1 26000.00 02/04/2013 Libro   DEWEY     Libro   Quinta de Mutis Quinta de Mutis Mezanecs 02/04/2013 12 Donación 26000.00